[Event "12th 4NCL Congress Open"]
[Site "Harrogate"]
[Date "2017.01.08"]
[Round "4"]
[Board "14"]
[White "Garnett, John S"]
[Black "Han, Yichen"]
[Result "1-0"]
[WhiteElo "1975"]
[BlackElo "1820"]
[PlyCount "91"]
[EventDate "2017.01.06"]
[EventRounds "5"]
[EventCountry "ENG"]

1. d4 Nf6 2. Bg5 Ne4 3. Bf4 d5 4. e3 c5 5. Bd3 Qa5+ 6. c3 Nf6 7. Nd2 Nc6 8. Nb3
Qb6 9. dxc5 Qd8 10. Nd4 e6 11. b4 a5 12. Nxc6 bxc6 13. Nf3 Nh5 14. Bg5 f6 15.
Bh4 g5 16. Nxg5 fxg5 17. Qxh5+ Kd7 18. Bxg5 Be7 19. Bxe7 Qxe7 20. g3 Qg7 21.
O-O Qxc3 22. Qf7+ Kd8 23. Bxh7 axb4 24. Rfc1 Qe5 25. Rab1 Rb8 26. Bd3 Rb7 27.
Qf4 Qh5 28. h4 e5 29. Qf6+ Re7 30. Rxb4 e4 31. Be2 Qe5 32. Qxe5 Rxe5 33. Rb6
Kc7 34. a4 Bd7 35. Rcb1 Ra8 36. Rb7+ Kc8 37. a5 Kd8 38. Rb8+ Rxb8 39. Rxb8+ Kc7
40. Rb6 Re8 41. a6 Ra8 42. g4 Rg8 43. Rb7+ Kc8 44. g5 Bf5 45. Rf7 Bd7 46. a7
 1-0

[Event "12th 4NCL Congress Open"]
[Site "Harrogate"]
[Date "2017.01.08"]
[Round "4"]
[Board "15"]
[White "Simpson, Derek"]
[Black "Wynarczyk, Raymond"]
[Result "0-1"]
[WhiteElo "1617"]
[BlackElo "1966"]
[PlyCount "102"]
[EventDate "2017.01.06"]
[EventRounds "5"]
[EventCountry "ENG"]

1. d4 d5 2. Nf3 Nc6 3. e3 Bg4 4. Be2 Nf6 5. Nbd2 e6 6. c4 dxc4 7. Nxc4 Qd5 8.
Ncd2 Bb4 9. O-O O-O 10. Nb3 Rad8 11. Bd2 Bxd2 12. Nfxd2 Bxe2 13. Qxe2 e5 14.
dxe5 Nxe5 15. Rfd1 Qd3 16. Qe1 Rd5 17. Nf1 Qg6 18. Qe2 Rfd8 19. Rxd5 Rxd5 20.
Rd1 Rxd1 21. Qxd1 Qd3 22. Qc1 Qd6 23. Nd4 a6 24. Qc2 g6 25. h3 c5 26. Ne2 Nd3
27. a3 Qd5 28. Nc3 Qxg2+ 29. Kxg2 Ne1+ 30. Kg3 Nxc2 31. Kf4 b5 32. Ke5 Kg7 33.
Nd5 Nxd5 34. Kxd5 c4 35. Kc5 Ne1 36. Kb6 Nd3 37. Kxa6 Nxb2 38. Kxb5 c3 39. Ng3
c2 40. Ne2 Kf6 41. Kb4 Nd3+ 42. Kc4 c1=Q+ 43. Nxc1 Nxc1 44. a4 Ke6 45. a5 Kd6
46. e4 Ne2 47. a6 Kc6 48. a7 Kb7 49. Kd5 Nf4+ 50. Ke5 Nxh3 51. Kf6 Nxf2 0-1

[Event "12th 4NCL Congress Open"]
[Site "Harrogate"]
[Date "2017.01.08"]
[Round "4"]
[Board "16"]
[White "Towers, Brian"]
[Black "Dossett, Christopher S"]
[Result "0-1"]
[WhiteElo "1793"]
[BlackElo "1931"]
[PlyCount "58"]
[EventDate "2017.01.06"]
[EventRounds "5"]
[EventCountry "ENG"]

1. d4 c5 2. d5 e6 3. Nc3 d6 4. e4 Nf6 5. Nf3 Be7 6. Bb5+ Bd7 7. Bxd7+ Nbxd7 8.
dxe6 fxe6 9. O-O Nb6 10. e5 Nfd5 11. exd6 Nxc3 12. bxc3 Bxd6 13. Ng5 e5 14.
Qh5+ g6 15. Qf3 Qd7 16. Ne4 O-O-O 17. Rd1 Qc6 18. Bg5 Rd7 19. Qf6 Rhd8 20.
Nxd6+ Rxd6 21. Rxd6 Rxd6 22. Qxe5 Qd5 23. Qe8+ Kc7 24. Bf4 Nc4 25. Qe7+ Kc6 26.
Bxd6 Nxd6 27. Qxh7 Qf5 28. Qe7 Ne4 29. Re1 Qxf2+ 0-1

[Event "12th 4NCL Congress Open"]
[Site "Harrogate"]
[Date "2017.01.07"]
[Round "3"]
[Board "1"]
[White "Wall, Tim P"]
[Black "Spence, David J"]
[Result "1-0"]
[WhiteElo "2191"]
[BlackElo "2156"]
[PlyCount "67"]
[EventDate "2017.01.06"]
[EventRounds "5"]
[EventCountry "ENG"]

1. d4 e6 2. Bf4 Nf6 3. e3 c5 4. c3 b6 5. Nd2 cxd4 6. cxd4 Bb7 7. Ngf3 Be7 8. h3
Ne4 9. Bd3 Nxd2 10. Qxd2 Nc6 11. a3 Na5 12. Qe2 Rc8 13. O-O g5 14. Be5 O-O 15.
b4 Nc6 16. Bh2 f5 17. e4 g4 18. hxg4 fxg4 19. Ne5 Nxe5 20. Bxe5 h5 21. Rac1
Rxc1 22. Rxc1 d6 23. Bg3 Bg5 24. Rd1 Bh4 25. Bxh4 Qxh4 26. Qe3 Kg7 27. Rc1 Rf7
28. e5 Bxg2 29. Kxg2 Rf3 30. Rc7+ Kg8 31. Qd2 Rh3 32. Bh7+ Kh8 33. Be4 Rh2+ 34.
Kg1 1-0

[Event "12th 4NCL Congress Open"]
[Site "Harrogate"]
[Date "2017.01.07"]
[Round "3"]
[Board "2"]
[White "Gormally, Daniel W"]
[Black "Dong, Bao Nghia"]
[Result "1-0"]
[WhiteElo "2493"]
[BlackElo "2084"]
[PlyCount "79"]
[EventDate "2017.01.06"]
[EventRounds "5"]
[EventCountry "ENG"]

1. d4 Nf6 2. Nf3 g6 3. c4 c5 4. d5 b5 5. cxb5 a6 6. bxa6 Bxa6 7. Nc3 d6 8. g3
Bg7 9. Bg2 O-O 10. Rb1 Ng4 11. h3 Ne5 12. Nxe5 Bxe5 13. O-O Bc4 14. a3 Qb6 15.
Bh6 Ba2 16. Qd2 Re8 17. f4 Bf6 18. e4 Nd7 19. Kh2 Reb8 20. e5 dxe5 21. f5 Bc4
22. Rf3 e4 23. Nxe4 Ba2 24. Ra1 Qxb2 25. Rxa2 Qb1 26. Rf1 Qb3 27. d6 Ra7 28.
Nxf6+ exf6 29. Bd5 c4 30. Bxf7+ Kh8 31. fxg6 hxg6 32. Be3 Rab7 33. Bd4 Kh7 34.
Be6 Re8 35. Rb2 Qd3 36. Qxd3 Rxb2+ 37. Bxb2 cxd3 38. Bxd7 Re2+ 39. Kg1 Rxb2 40.
Bc6 1-0

[Event "12th 4NCL Congress Open"]
[Site "Harrogate"]
[Date "2017.01.07"]
[Round "3"]
[Board "3"]
[White "Jones, Steven A"]
[Black "Cohen, Gerald M"]
[Result "1-0"]
[WhiteElo "2175"]
[BlackElo "2035"]
[PlyCount "63"]
[EventDate "2017.01.06"]
[EventRounds "5"]
[EventCountry "ENG"]

1. e4 d6 2. d4 Nf6 3. Nc3 g6 4. f4 Bg7 5. Nf3 c5 6. Bb5+ Bd7 7. Bxd7+ Nfxd7 8.
d5 b5 9. Nxb5 Qa5+ 10. Nc3 Bxc3+ 11. bxc3 Qxc3+ 12. Bd2 Qc4 13. Qe2 Nb6 14. a4
Na6 15. a5 Qxe2+ 16. Kxe2 Nd7 17. Rhb1 Rb8 18. Rxb8+ Naxb8 19. Rb1 O-O 20. Rb7
a6 21. Bc3 e6 22. Nd2 e5 23. fxe5 dxe5 24. Nc4 f6 25. Nb6 Rd8 26. Rc7 Kf8 27.
Na4 Ke7 28. Nxc5 Kd6 29. Ne6 Ke7 30. Bb4+ Ke8 31. g4 h6 32. c4 1-0

[Event "12th 4NCL Congress Open"]
[Site "Harrogate"]
[Date "2017.01.07"]
[Round "3"]
[Board "4"]
[White "Moreby, James E"]
[Black "Hilton, Tim"]
[Result "1-0"]
[WhiteElo "2158"]
[BlackElo "1786"]
[PlyCount "65"]
[EventDate "2017.01.06"]
[EventRounds "5"]
[EventCountry "ENG"]

1. c4 c5 2. Nc3 Nc6 3. Nf3 g6 4. e3 Nf6 5. d4 cxd4 6. exd4 d5 7. Bg5 Be6 8.
Bxf6 exf6 9. c5 Bg7 10. Be2 O-O 11. O-O b6 12. Bb5 Qc7 13. Qa4 Rfc8 14. b4 a5
15. Bxc6 Qxc6 16. Qxc6 Rxc6 17. b5 Rcc8 18. Na4 bxc5 19. Nxc5 Bf8 20. Rfc1 a4
21. Rab1 Rab8 22. b6 a3 23. Ne1 Bf5 24. Rb3 Rc6 25. b7 Rc7 26. g4 Bxg4 27. Ned3
Be2 28. Rcb1 Bxd3 29. Nxd3 Rc2 30. Nc5 Bxc5 31. dxc5 Rxc5 32. Rxa3 Rc7 33. Ra8
 1-0

[Event "12th 4NCL Congress Open"]
[Site "Harrogate"]
[Date "2017.01.07"]
[Round "3"]
[Board "5"]
[White "Doran, Chris"]
[Black "Jarmany, John"]
[Result "0-1"]
[WhiteElo "1987"]
[BlackElo "2118"]
[PlyCount "70"]
[EventDate "2017.01.06"]
[EventRounds "5"]
[EventCountry "ENG"]

1. e4 e5 2. Nf3 Nc6 3. Bb5 a6 4. Ba4 Nf6 5. O-O Be7 6. Re1 b5 7. Bb3 O-O 8. a4
b4 9. d3 d6 10. Nbd2 Na5 11. Ba2 c5 12. c3 Nc6 13. Nc4 Be6 14. h3 h6 15. d4
cxd4 16. cxd4 exd4 17. Nxd4 Nxd4 18. Qxd4 Rb8 19. Ne3 b3 20. Bb1 Qa5 21. Bd2
Qe5 22. Qd3 Rfc8 23. Bc3 Rxc3 24. bxc3 b2 25. Ra3 d5 26. exd5 Bxd5 27. f4 Qe6
28. Nxd5 Qxe1+ 29. Kh2 Bxa3 30. Nxf6+ gxf6 31. Qh7+ Kf8 32. Qh8+ Ke7 33. Qxb8
Qxb1 34. Qc7+ Kf8 35. Qc8+ Kg7 0-1

[Event "12th 4NCL Congress Open"]
[Site "Harrogate"]
[Date "2017.01.07"]
[Round "3"]
[Board "6"]
[White "Shaw, Peter"]
[Black "Bin-Suhayl, Ieysaa"]
[Result "1/2-1/2"]
[WhiteElo "2120"]
[BlackElo "1988"]
[PlyCount "113"]
[EventDate "2017.01.06"]
[EventRounds "5"]
[EventCountry "ENG"]

1. d4 Nf6 2. c4 c5 3. d5 b5 4. cxb5 a6 5. bxa6 g6 6. Nc3 Bg7 7. e4 O-O 8. Nf3
Qa5 9. Bd2 Bxa6 10. Bxa6 Qxa6 11. Qe2 e6 12. Qxa6 Nxa6 13. dxe6 fxe6 14. O-O
Rfb8 15. Rab1 Nb4 16. a4 Rb7 17. b3 Nc2 18. e5 Ng4 19. Ne4 Nxe5 20. Nxe5 Bxe5
21. Nxc5 Rc7 22. Nd3 Bd6 23. a5 Rb7 24. b4 Na3 25. Rbc1 Nb5 26. Be3 Nc7 27. Bc5
Bxc5 28. Rxc5 Nd5 29. Rc4 Rab8 30. Rb1 Rb5 31. Rb2 Kf7 32. Kf1 d6 33. a6 Ra8
34. Ra2 Rb6 35. a7 Rb7 36. Rc6 Raxa7 37. Rxa7 Rxa7 38. Rxd6 Rb7 39. Rxe6 Kxe6
40. Nc5+ Ke5 41. Nxb7 Nxb4 42. Nc5 h5 43. Ke2 Nd5 44. Nd3+ Kf5 45. Ne1 g5 46.
f3 g4 47. Nc2 Nf4+ 48. Kf2 gxf3 49. Kxf3 Ng6 50. Ne3+ Kg5 51. Ke4 Nh4 52. g3
Ng6 53. Kf3 h4 54. gxh4+ Nxh4+ 55. Kg3 Nf5+ 56. Nxf5 Kxf5 57. h4 1/2-1/2

[Event "12th 4NCL Congress Open"]
[Site "Harrogate"]
[Date "2017.01.07"]
[Round "3"]
[Board "7"]
[White "Burnett, Jim"]
[Black "Pein, Jonathan"]
[Result "1/2-1/2"]
[WhiteElo "2110"]
[BlackElo "1971"]
[PlyCount "28"]
[EventDate "2017.01.06"]
[EventRounds "5"]
[EventCountry "ENG"]

1. d4 Nf6 2. c4 g6 3. g3 Bg7 4. Bg2 d6 5. Nc3 O-O 6. Nf3 Nc6 7. O-O e5 8. d5
Nb8 9. e4 a5 10. a3 Nbd7 11. Qc2 a4 12. Nxa4 Nxe4 13. Nxe5 Nxe5 14. Bxe4 Bd7
 1/2-1/2

[Event "12th 4NCL Congress Open"]
[Site "Harrogate"]
[Date "2017.01.07"]
[Round "3"]
[Board "8"]
[White "Starley, Robert"]
[Black "Webster, Richard J"]
[Result "0-1"]
[WhiteElo "2109"]
[BlackElo "1934"]
[PlyCount "94"]
[EventDate "2017.01.06"]
[EventRounds "5"]
[EventCountry "ENG"]

1. e4 e6 2. d4 d5 3. Nc3 Nf6 4. e5 Nfd7 5. f4 c5 6. Nf3 Nc6 7. Be3 cxd4 8. Nxd4
Qb6 9. Qd2 Qxb2 10. Rb1 Qa3 11. Ndb5 Qa5 12. Nxd5 Qxd2+ 13. Kxd2 exd5 14. Nc7+
Kd8 15. Nxa8 d4 16. Bf2 b6 17. Bc4 Bb7 18. Nxb6 axb6 19. Bxf7 Bb4+ 20. Kd1 Ke7
21. Bd5 Bc5 22. Bh4+ Ke8 23. g4 Rf8 24. Bg3 g6 25. Rf1 Ndb8 26. Rf3 Bc8 27. h3
Nb4 28. Bc4 Bb7 29. Rf1 Bg2 30. Re1 Bxh3 31. g5 Bg4+ 32. Kd2 Bf5 33. Rb2 Nxc2
34. Rh1 Na3 35. Bd5 Na6 36. Rxh7 Nb4 37. Ke1 Nb5 38. Bc4 Nc2+ 39. Ke2 Nc3+ 40.
Kf3 Be4+ 41. Kg4 Ne3+ 42. Kh3 Nxc4 43. Rh2 Bf5+ 44. Kg2 Ne3+ 45. Kh1 Be4+ 46.
Kg1 d3 47. Bf2 Ne2# 0-1

[Event "12th 4NCL Congress Open"]
[Site "Harrogate"]
[Date "2017.01.07"]
[Round "3"]
[Board "9"]
[White "Jayawarna, Nugith"]
[Black "Bielby, Paul R"]
[Result "1/2-1/2"]
[WhiteElo "2093"]
[BlackElo "1929"]
[PlyCount "63"]
[EventDate "2017.01.06"]
[EventRounds "5"]
[EventCountry "ENG"]

1. c4 Nf6 2. Nc3 c5 3. g3 g6 4. Bg2 Bg7 5. e4 Nc6 6. Nge2 e5 7. d3 d6 8. O-O
O-O 9. h3 Nd4 10. Nxd4 cxd4 11. Ne2 Nd7 12. f4 f6 13. f5 a5 14. g4 g5 15. Ng3
Nc5 16. Kf2 Kf7 17. Rh1 h6 18. Ke2 Bd7 19. h4 Rh8 20. b3 b5 21. Qc2 Qb6 22.
hxg5 hxg5 23. Bd2 b4 24. Rxh8 Rxh8 25. Rh1 Rxh1 26. Bxh1 a4 27. Bc1 axb3 28.
axb3 Qa5 29. Qb2 Bf8 30. Bg2 Be7 31. Bf1 Qa8 32. Kf3 1/2-1/2

[Event "12th 4NCL Congress Open"]
[Site "Harrogate"]
[Date "2017.01.07"]
[Round "3"]
[Board "10"]
[White "Han, Yichen"]
[Black "Prior, Stephen Cv"]
[Result "0-1"]
[WhiteElo "1820"]
[BlackElo "2043"]
[PlyCount "126"]
[EventDate "2017.01.06"]
[EventRounds "5"]
[EventCountry "ENG"]

1. e4 c6 2. d4 d5 3. Nd2 dxe4 4. Nxe4 Bf5 5. Ng3 Bg6 6. Nf3 Nd7 7. Bd3 Bxd3 8.
Qxd3 e6 9. O-O Ngf6 10. Bg5 Be7 11. Rfe1 O-O 12. Rad1 Nd5 13. Bxe7 Nxe7 14. c4
Qa5 15. a3 b5 16. Ne5 Nxe5 17. dxe5 Rad8 18. Qe2 bxc4 19. Rc1 Rd2 20. Qxc4 Rxb2
21. Qc5 Qxc5 22. Rxc5 Rb5 23. Rec1 Rxc5 24. Rxc5 Rb8 25. Kf1 Rb5 26. Rxb5 cxb5
27. Ke2 Ng6 28. Kd3 Nxe5+ 29. Kc3 a5 30. f3 Kf8 31. Kd4 Nd7 32. Ne4 Ke7 33. Nc3
b4 34. axb4 axb4 35. Na4 Kd6 36. Kc4 Ne5+ 37. Kd4 Nc6+ 38. Kc4 g5 39. Nc5 f5
40. Nb7+ Ke5 41. Nc5 h5 42. Kb5 Nd4+ 43. Kc4 Nc2 44. Nd3+ Kf6 45. Kb3 Ne3 46.
Ne1 Nd5 47. Nd3 f4 48. Nxb4 Nxb4 49. Kxb4 Kf5 50. Kc4 g4 51. Kd4 g3 52. h4 Kf6
53. Kc5 e5 54. Kd6 e4 55. fxe4 f3 56. e5+ Kg7 57. e6 fxg2 58. e7 g1=Q 59. e8=Q
Qd4+ 60. Kc7 Qf4+ 61. Kb6 g2 62. Qe7+ Qf7 63. Qe1 Qg6+ 0-1

[Event "12th 4NCL Congress Open"]
[Site "Harrogate"]
[Date "2017.01.07"]
[Round "3"]
[Board "11"]
[White "Laws, Darren C"]
[Black "Sheppard, Derek A"]
[Result "1-0"]
[WhiteElo "2012"]
[BlackElo "1802"]
[PlyCount "69"]
[EventDate "2017.01.06"]
[EventRounds "5"]
[EventCountry "ENG"]

1. d4 d5 2. Nf3 Nf6 3. e3 c5 4. b3 g6 5. Bb2 cxd4 6. exd4 Bg7 7. Bd3 O-O 8.
Nbd2 Nc6 9. a3 Bg4 10. h3 Bxf3 11. Qxf3 Qb6 12. Qe3 Rfd8 13. O-O e6 14. Rac1
Ne8 15. Nf3 Rac8 16. Rfd1 Nd6 17. Qf4 Ne7 18. g4 Nc6 19. h4 Nb5 20. Bxb5 Qxb5
21. Kg2 Qb6 22. h5 Qc7 23. Qe3 Qe7 24. hxg6 fxg6 25. Rh1 Bf6 26. Rh3 Re8 27.
Rch1 Rc7 28. Rxh7 Qxh7 29. Rxh7 Rxh7 30. c4 dxc4 31. bxc4 Kf7 32. Qf4 Kg7 33.
g5 Bd8 34. d5+ e5 35. dxc6 1-0

[Event "12th 4NCL Congress Open"]
[Site "Harrogate"]
[Date "2017.01.07"]
[Round "3"]
[Board "12"]
[White "Wells, Jonathan C"]
[Black "Winter, Kevin"]
[Result "1-0"]
[WhiteElo "2012"]
[BlackElo "1818"]
[PlyCount "131"]
[EventDate "2017.01.06"]
[EventRounds "5"]
[EventCountry "ENG"]

1. d4 e6 2. c4 f5 3. g3 Nf6 4. Bg2 Be7 5. Nf3 O-O 6. O-O d6 7. b3 Ne4 8. Bb2 a5
9. Nfd2 Nxd2 10. Nxd2 Bf6 11. f4 d5 12. Nf3 c6 13. c5 Bd7 14. Ne5 Bxe5 15. dxe5
Na6 16. Qd4 Qe7 17. Rac1 Nc7 18. a4 Ra7 19. Rfd1 Rd8 20. Bc3 Rda8 21. Be1 Be8
22. Bf3 Bg6 23. e3 Qf7 24. Qd3 Bh5 25. Qe2 Bxf3 26. Qxf3 Qe7 27. Bc3 Qf7 28.
Kh1 h5 29. Rd2 g6 30. h3 Kg7 31. Rh2 Rh8 32. Rcc2 Raa8 33. Qd1 Qe7 34. Bd4 Na6
35. Qd2 Nc7 36. Qe1 Ra7 37. Rcg2 Raa8 38. Kg1 Qd8 39. Qd1 Qe7 40. Rc2 Na6 41.
Qd2 Nc7 42. Qe1 Ra7 43. Kh1 Raa8 44. Kg2 Ra7 45. Kf1 Raa8 46. Qd2 Ra7 47. Kg2
Raa8 48. Rh1 Kf7 49. Kf1 Ra7 50. Qc3 h4 51. g4 Raa8 52. Rg2 Qf8 53. Kg1 Qd8 54.
Kh2 Na6 55. gxf5 gxf5 56. Rhg1 Rh7 57. Rg6 Nb4 58. Qd2 Qe7 59. Rf6+ Qxf6 60.
exf6 Re8 61. Qg2 Reh8 62. Qg6+ Kf8 63. Be5 Rf7 64. Rg5 Nd3 65. Rh5 Rg8 66. Bd6+
 1-0

[Event "12th 4NCL Congress Open"]
[Site "Harrogate"]
[Date "2017.01.07"]
[Round "3"]
[Board "13"]
[White "Press, Shaun"]
[Black "Mort, Andrew J"]
[Result "1/2-1/2"]
[WhiteElo "1994"]
[BlackElo "1895"]
[PlyCount "30"]
[EventDate "2017.01.06"]
[EventRounds "5"]
[EventCountry "ENG"]

1. e4 c6 2. Nc3 d5 3. Qf3 dxe4 4. Nxe4 Nf6 5. Bc4 e6 6. Nxf6+ Qxf6 7. Qxf6 gxf6
8. d4 Bd6 9. Ne2 b6 10. Be3 Ba6 11. Bb3 Nd7 12. a3 Rg8 13. g3 f5 14. Nf4 Nf6
15. O-O-O Nd5 1/2-1/2

[Event "12th 4NCL Congress Open"]
[Site "Harrogate"]
[Date "2017.01.07"]
[Round "3"]
[Board "14"]
[White "Vickery, Jim E"]
[Black "Simpson, Derek"]
[Result "1/2-1/2"]
[WhiteElo "1983"]
[BlackElo "1617"]
[PlyCount "31"]
[EventDate "2017.01.06"]
[EventRounds "5"]
[EventCountry "ENG"]

1. d4 Nf6 2. Nf3 e6 3. Bg5 Be7 4. Nbd2 d5 5. e3 Nbd7 6. Bd3 O-O 7. O-O b6 8.
Ne5 Nxe5 9. dxe5 Nd7 10. Bxe7 Qxe7 11. f4 f5 12. g4 Nc5 13. Bb5 Ba6 14. Bxa6
Nxa6 15. Qe2 Nc5 16. gxf5 1/2-1/2

[Event "12th 4NCL Congress Open"]
[Site "Harrogate"]
[Date "2017.01.07"]
[Round "3"]
[Board "15"]
[White "Dossett, Christopher S"]
[Black "Garnett, John S"]
[Result "1/2-1/2"]
[WhiteElo "1931"]
[BlackElo "1975"]
[PlyCount "35"]
[EventDate "2017.01.06"]
[EventRounds "5"]
[EventCountry "ENG"]

1. Nf3 Nf6 2. g3 d5 3. Bg2 c5 4. d3 g6 5. Nbd2 Bg7 6. O-O O-O 7. e4 Nc6 8. c3
e6 9. Qe2 b6 10. Rd1 Qe7 11. Nf1 Bb7 12. h3 Rfd8 13. Bg5 h6 14. Bxf6 Bxf6 15.
Ne1 dxe4 16. dxe4 Rxd1 17. Rxd1 Rd8 18. Ne3 1/2-1/2

[Event "12th 4NCL Congress Open"]
[Site "Harrogate"]
[Date "2017.01.07"]
[Round "3"]
[Board "16"]
[White "Wynarczyk, Raymond"]
[Black "Towers, Brian"]
[Result "1-0"]
[WhiteElo "1966"]
[BlackElo "1793"]
[PlyCount "67"]
[EventDate "2017.01.06"]
[EventRounds "5"]
[EventCountry "ENG"]

1. e4 d6 2. d4 Nf6 3. Nc3 e5 4. Nf3 Be7 5. dxe5 dxe5 6. Qxd8+ Bxd8 7. Nxe5 O-O
8. Bc4 c6 9. a3 b5 10. Bd3 Bc7 11. Nf3 Nbd7 12. O-O Bb7 13. Bg5 h6 14. Bh4 g5
15. Bg3 Bxg3 16. hxg3 Nc5 17. Rad1 Rfe8 18. Rfe1 a5 19. b4 axb4 20. axb4 Na4
21. Nxa4 Rxa4 22. c3 Ra3 23. Rc1 Rd8 24. Red1 Re8 25. Re1 Rd8 26. Nd4 Ng4 27.
Be2 Ne5 28. f4 Ng6 29. Bh5 Rxd4 30. cxd4 Rxg3 31. Bxg6 fxg6 32. fxg5 Rxg5 33.
Kf2 Kf7 34. d5 1-0

[Event "12th 4NCL Congress Open"]
[Site "Harrogate"]
[Date "2017.01.07"]
[Round "2"]
[Board "1"]
[White "Prior, Stephen Cv"]
[Black "Wall, Tim P"]
[Result "0-1"]
[WhiteElo "2043"]
[BlackElo "2191"]
[PlyCount "94"]
[EventDate "2017.01.06"]
[EventRounds "5"]
[EventCountry "ENG"]

1. d4 d5 2. Bf4 Nf6 3. e3 Bf5 4. c4 Nc6 5. Nc3 e6 6. a3 Be7 7. h3 O-O 8. Nf3
Ne4 9. Nxe4 Bxe4 10. Be2 Bd6 11. Bxd6 Qxd6 12. c5 Qe7 13. Bb5 Nb8 14. O-O c6
15. Bd3 Bxf3 16. Qxf3 Nd7 17. b4 f5 18. Qg3 e5 19. b5 Qf6 20. bxc6 bxc6 21.
Rab1 Rab8 22. Rxb8 Rxb8 23. Rb1 Rxb1+ 24. Bxb1 g6 25. dxe5 Qxe5 26. Qxe5 Nxe5
27. Bc2 Kf7 28. Ba4 Ke6 29. f4 Nc4 30. Bxc6 Nxe3 31. Bb7 Nc4 32. Bc8+ Ke7 33.
a4 Nb2 34. a5 Nd3 35. c6 Kd6 36. g4 fxg4 37. f5 gxh3 38. f6 Ne5 39. Bb7 Kc7 40.
Kh2 Ng4+ 41. Kxh3 Nxf6 42. Kh4 Ne4 43. Kg4 Nd6 44. Ba6 Kxc6 45. Kf4 Nc4 46. Bc8
Nxa5 47. Be6 Nc4 0-1

[Event "12th 4NCL Congress Open"]
[Site "Harrogate"]
[Date "2017.01.07"]
[Round "2"]
[Board "2"]
[White "Spence, David J"]
[Black "Shaw, Peter"]
[Result "1-0"]
[WhiteElo "2156"]
[BlackElo "2120"]
[PlyCount "71"]
[EventDate "2017.01.06"]
[EventRounds "5"]
[EventCountry "ENG"]

1. e4 b6 2. d4 Bb7 3. Bd3 e6 4. Be3 Nf6 5. Nd2 c5 6. c3 Nc6 7. a3 a5 8. h3 d5
9. e5 Nd7 10. Ne2 Ba6 11. Bc2 b5 12. O-O b4 13. Ba4 Qb6 14. dxc5 Bxc5 15. Bxc5
Nxc5 16. Bxc6+ Qxc6 17. axb4 axb4 18. cxb4 Nd7 19. Nd4 Qb6 20. b5 Qxd4 21. bxa6
O-O 22. Qe2 Rfb8 23. Nf3 Qa7 24. Ra3 Rb6 25. Rfa1 Rab8 26. R1a2 Rb4 27. Rc3 h6
28. Qc2 Nb6 29. Rc7 Qa8 30. a7 Rb7 31. b3 Rxc7 32. Qxc7 d4 33. Ra6 Nd5 34. Qc6
Qxc6 35. Rxc6 Nb6 36. Rxb6 1-0

[Event "12th 4NCL Congress Open"]
[Site "Harrogate"]
[Date "2017.01.07"]
[Round "2"]
[Board "3"]
[White "Gormally, Daniel W"]
[Black "Burnett, Jim"]
[Result "1-0"]
[WhiteElo "2493"]
[BlackElo "2110"]
[PlyCount "65"]
[EventDate "2017.01.06"]
[EventRounds "5"]
[EventCountry "ENG"]

1. d4 d5 2. c4 e6 3. Nf3 c6 4. Qc2 Nf6 5. g3 Be7 6. Bg2 O-O 7. O-O Nbd7 8. Nbd2
b6 9. e4 Ba6 10. e5 Ne8 11. Rd1 Rc8 12. b3 Nc7 13. Bb2 Re8 14. Nf1 Nf8 15. Ne3
Qd7 16. a4 Red8 17. c5 Rb8 18. Ba3 f5 19. exf6 gxf6 20. b4 bxc5 21. dxc5 Qe8
22. Nd4 Bb7 23. Bf1 a6 24. Re1 Qf7 25. Nef5 Kh8 26. Nxe7 Qxe7 27. Nf5 Qf7 28.
Nd6 Qe7 29. Bb2 Ne8 30. Qf5 e5 31. f4 Nxd6 32. cxd6 Qxd6 33. fxe5 1-0

[Event "12th 4NCL Congress Open"]
[Site "Harrogate"]
[Date "2017.01.07"]
[Round "2"]
[Board "4"]
[White "Jones, Steven A"]
[Black "Vickery, Jim E"]
[Result "1-0"]
[WhiteElo "2175"]
[BlackElo "1983"]
[PlyCount "31"]
[EventDate "2017.01.06"]
[EventRounds "5"]
[EventCountry "ENG"]

1. Nf3 Nf6 2. d4 g6 3. Nc3 d5 4. Bf4 c6 5. Qd2 Bg7 6. Bh6 O-O 7. h4 Bxh6 8.
Qxh6 Ng4 9. Qd2 h6 10. h5 g5 11. e4 dxe4 12. Nxe4 Be6 13. O-O-O Bd5 14. Nexg5
Nxf2 15. Qxf2 hxg5 16. Nxg5 1-0

[Event "12th 4NCL Congress Open"]
[Site "Harrogate"]
[Date "2017.01.07"]
[Round "2"]
[Board "5"]
[White "Gardiner, Eric D"]
[Black "Moreby, James E"]
[Result "0-1"]
[WhiteElo "1936"]
[BlackElo "2158"]
[PlyCount "78"]
[EventDate "2017.01.06"]
[EventRounds "5"]
[EventCountry "ENG"]

1. d4 e6 2. e4 d5 3. e5 c5 4. c3 Nc6 5. Nf3 Bd7 6. a3 c4 7. Nbd2 Na5 8. Be2 Bc6
9. O-O Qd7 10. b4 cxb3 11. c4 Ba4 12. Bb2 Ne7 13. Qe1 Rc8 14. Rc1 b6 15. Bd3
dxc4 16. Nxc4 Nec6 17. Nxa5 Nxa5 18. Rxc8+ Qxc8 19. d5 exd5 20. e6 f6 21. Qb1
Be7 22. Bxh7 Qxe6 23. Nd4 Qg4 24. h3 Qd7 25. Qg6+ Kf8 26. Nf5 Bd8 27. Re1 Qf7
28. Nd6 Qxg6 29. Bxg6 Rh6 30. Be8 Be7 31. Bxa4 Bxd6 32. Re8+ Kf7 33. Rd8 Nc4
34. Bxb3 Ke7 35. Rg8 Nxb2 36. Rxg7+ Ke6 37. Rxa7 Nc4 38. a4 Na5 39. Bc2 Rh4 0-1

[Event "12th 4NCL Congress Open"]
[Site "Harrogate"]
[Date "2017.01.07"]
[Round "2"]
[Board "6"]
[White "Jarmany, John"]
[Black "Garnett, John S"]
[Result "1-0"]
[WhiteElo "2118"]
[BlackElo "1975"]
[PlyCount "131"]
[EventDate "2017.01.06"]
[EventRounds "5"]
[EventCountry "ENG"]

1. e4 c5 2. Nf3 Nc6 3. d4 cxd4 4. Nxd4 g6 5. Nc3 Bg7 6. Be3 Nf6 7. Bc4 Qa5 8.
O-O O-O 9. Bb3 d6 10. h3 Bd7 11. Re1 Nxd4 12. Bxd4 Bc6 13. Nd5 Bxd5 14. exd5
Rfe8 15. Qf3 Nd7 16. Bxg7 Kxg7 17. Qg4 Nf6 18. Qd4 Qc5 19. Qxc5 dxc5 20. Ba4
Reb8 21. c4 Kf8 22. Re2 a6 23. Bb3 b5 24. Rae1 Ra7 25. Rc2 bxc4 26. Rxc4 Nxd5
27. Rxc5 Nf6 28. Rec1 e6 29. Rc8+ Rxc8 30. Rxc8+ Ke7 31. Rc6 Nd5 32. Bxd5 exd5
33. Kf1 Kd7 34. Rf6 Ke7 35. Rb6 a5 36. Ke2 Rc7 37. Kd2 Rc5 38. h4 h5 39. g3 f6
40. f3 g5 41. hxg5 fxg5 42. Rh6 h4 43. gxh4 gxh4 44. Rxh4 Kf6 45. Ra4 Ke5 46.
Kd3 Kd6 47. Kd4 Kc6 48. b3 Kd6 49. f4 Rb5 50. Kd3 Ke6 51. Ke3 Kf5 52. Rd4 Rc5
53. Rd3 Ke6 54. a4 Rc1 55. Kd2 Rf1 56. Rd4 Rf3 57. b4 axb4 58. Rxb4 Kd6 59. Ke2
Ra3 60. Rb6+ Kc5 61. Ra6 Kd4 62. f5 Ke4 63. f6 Ra2+ 64. Ke1 Rh2 65. f7 Rh8 66.
Re6+ 1-0

[Event "12th 4NCL Congress Open"]
[Site "Harrogate"]
[Date "2017.01.07"]
[Round "2"]
[Board "7"]
[White "Pein, Jonathan"]
[Black "Starley, Robert"]
[Result "1/2-1/2"]
[WhiteElo "1971"]
[BlackElo "2109"]
[PlyCount "87"]
[EventDate "2017.01.06"]
[EventRounds "5"]
[EventCountry "ENG"]

1. e4 e5 2. Nf3 Nc6 3. Bb5 a6 4. Ba4 Nf6 5. d3 b5 6. Bb3 Be7 7. O-O d6 8. a3
Bg4 9. Be3 O-O 10. Nc3 Bh5 11. Nd5 Ng4 12. Bd2 Kh8 13. h3 Nf6 14. c3 Qd7 15.
Nxf6 Bxf6 16. Bd5 Rac8 17. a4 Rb8 18. axb5 axb5 19. Re1 Bd8 20. Qe2 f5 21. exf5
Ne7 22. Be6 Qc6 23. Nxe5 Qe8 24. Nf3 Nxf5 25. g4 Qg6 26. Qe4 Nh4 27. Nxh4 Bxh4
28. Bf5 Qf6 29. gxh5 g6 30. hxg6 hxg6 31. Qg4 gxf5 32. Qh5+ Kg7 33. Kh1 Rh8 34.
Rg1+ Kf8 35. Qf3 Ke7 36. Qc6 Kd8 37. Ra7 Rc8 38. Qd5 Bxf2 39. Rg8+ Rxg8 40.
Qxg8+ Kd7 41. Qh7+ Kc6 42. d4 Kb6 43. Qd7 Qh8 44. Rb7+ 1/2-1/2